000 01113nas a2200277 4500
001 BR8202174
003 BR-BrBNA
005 20231205085132.0
007 ta
008 230509b bl.|||p| |||| 00| 00por d
040 _aBR-BrBNA
_bpor
_cBiblioteca Nacional de Agricultura
041 _a(Pt)
072 _aL40
100 1 _aMandelli Junior, J.
100 1 _aGiamas, M.T.D.
245 1 _aAnalise de algumas caracteristicas meristicas da manjuba comercial, Anchoviella lepidentostole (Fowler, 1911)(Teleostei, Engraulidae), do rio Ribeira, no municipio de Registro, estado de Sao Paulo [enchova, Brasil]
246 1 _aAnalysis of some meristic characters of the manjuba, Anchoviella lepindentostole (Fowler, 1911)(Teleostei, Engraulidae), from Ribeira river, Registro, Sao Paulo state, Brazil)
650 _aENCHOVA
650 _aANATOMIA ANIMAL
650 _aREGISTRO
650 _aSAO PAULO
650 _aRIO RIBEIRA
773 0 _tBoletim do Instituto de Pesca (Brazil)
_xISSN 0046-9939
_g(Dec 1981), v. 8 p. 131-138
_wBR8202174
909 _a202311
_bLúcia
_c55
_dLúcia Elande
942 _2AGRIS
_n0
_cANA
999 _c109442
_d109442